Bilecik Bilecik Bilecik Bilecik Bilecik

Genel nükleer tıp/ (Record no. 47562)

MARC details
000 -BAŞLIK
Sabit Uzunluktaki Kontrol Alanı 01108nam a22003497a 4500
001 - KONTROL NUMARASI
Control Dosyası 0047719
003 - KONTROL NUMARASI KİMLİĞİ
Kontrol Alanı KOHA_MİRAKIL
005 - EN SON İŞLEM TARİHİ ve ZAMANI
Kontrol Alanı 20260207003556.0
007 - FİZİKSEL TANIM SABİT ALAN - GENEL BİLGİ
Sabit uzunluklu kontrol alanı ta
008 - SABİT UZUNLUKTAKİ VERİ ÖGELERİ - GENEL BİLGİ
Sabit Alan 150326b1985 tu a|||gr||||#||||0|tur |
040 ## - KATALOGLAMA KAYNAĞI
Özgün Kataloglama Kurumu TR-BiSEU
Kataloglama Dili tur
Çeviri Kurumu TR-BiSEU
Açıklama Kuralları rda
041 0# - DİL KODU
Metin ya da ses kaydının dil kodu tur
044 ## - YAYINLAYAN/ÜRETEN KURULUŞUN ÜLKE KODU
ISO country code tu
050 ## - SINIFLAMA ve YER NUMARASI
Sınıflama Numarası R895
Yer Numarası .Y44 1985
100 1# - KİŞİ ADI
Yazar Adı (Kişi adı) Yeğin, M.Münip.
245 1# - ESER ADI BİLDİRİMİ
Başlık Genel nükleer tıp/
Sorumluluk Bildirimi M.Münip Yeğin ; M.Münip Yeğin.
264 #1 - ÜRERİM, YAYIN, DAĞITIM ve TELİF BİLDİRİMİ
Yayın yeri Erzurum :
Yayınlayan Atatürk Üniversitesi
Yayın tarihi 1985
300 ## - FİZİKSEL TANIMLAMA
Sayfa, Cilt vb. X, 431 sayfa :
Diğer fiziki detaylar resimli ;
Boyutları 24 cm.
336 ## - İÇERİK TÜRÜ
Content type term metin
Content type code txt
Source rdacontent
337 ## - MEDYA TÜRÜ
Media type term aracısız
Media type code n
Source rdamedia
338 ## - TAŞIYICI TÜRÜ
Carrier type term cilt
Carrier type code nc
Source rdacarrier
490 1# - DİZİ BİLDİRİMİ
Dizi Bildirimi Atatürk Üniversitesi yayınları ;
Cilt Numarası 560.
490 1# - DİZİ BİLDİRİMİ
Dizi Bildirimi Tıp Fakültesi yayınları ;
Cilt Numarası 30.
490 1# - DİZİ BİLDİRİMİ
Dizi Bildirimi Ders kitapları serisi no ;
Cilt Numarası 5.
500 ## - GENEL NOT
Genel Not Dizin var.
500 ## - GENEL NOT
Genel Not Kaynakça var.
650 #0 - KONU BAŞLIĞI EK GİRİŞ - KONU TERİMİ
Konusal terim veya coğrafi ad Nükleer tıp.
9 (RLIN) 87575
830 1# - SERİ EK GİRİŞİ - TEKBİÇİM ESER ADI
Tekbiçim Başlık Atatürk Üniversitesi yayınları ;
Volume number/sequential designation 560.
9 (RLIN) 16569
830 1# - SERİ EK GİRİŞİ - TEKBİÇİM ESER ADI
Tekbiçim Başlık Tıp Fakültesi yayınları ;
Volume number/sequential designation 30.
9 (RLIN) 36650
830 1# - SERİ EK GİRİŞİ - TEKBİÇİM ESER ADI
Tekbiçim Başlık Ders kitapları serisi no ;
Volume number/sequential designation 5.
9 (RLIN) 87576
942 ## - EK GİRİŞ ÖGELERİ (KOHA)
Source of classification or shelving scheme Library of Congress Classification
Koha item type Book
Holdings
Materyal Türü Kalıcı Konum Mevcut Konum Raf Yeri Sınıflandırma Kaynağı Edinim Bilgisi Ana Konular Alt Konular Yer Numarası Demirbaş Numarası Fatura Tarihi Geri Çekilme Durumu Kayıp Durumu Hasarlı Durumu Kredi için değil Kayıt Tarih Toplam Ödünçverme Son Görülme Tarihi Son Kontrol Tarihi Genel / Bağış Notu
Book Prof. Dr. Azmi Özcan Kütüphanesi Prof. Dr. Azmi Özcan Kütüphanesi Birûni Salonu Library of Congress Classification Bağış TIP Tıp (Genel) R895 .Y44 1985 0047719 02/02/2026         26/03/2015   05/12/2024 05/12/2024 Genel Bağış